000 00960cam a22001934a 4500
005 20250605164119.0
008 250528s ||||||||||||||||||||||||d
035 _a18193
020 _a201115492
040 _aGR-AtMCL
_bgre
_dGR-AtMCL
_eAACR2
245 1 _aLearning Lotus 1-2-3 for Business
260 _bAddison-Wesley,
_c1988
300 _a336
520 _aThis book promotes the mastery of skills that are invaluable to students in their academic work and will be essential to them in the business and professional worlds. Learning Lotus 1-2-3, Formatting the Screen, Copies and Ranges, Absolute Vs. Relative, Using Disk Storage, Graphs, Data Management with 1-2-3, Advanced Data Functions, Working with Text, Financial Analysis, Lookup Tables, What is Processing, Conditional Functions, Trends and Matrices, Automating the Worksheet, 1-2-3 and Other Programs.
700 1 _aKrumm Rob
_94485
942 _cBK
999 _c3571
_d3571